[Event "Eving- Gerthe"]
[Site "?"]
[Date "2022.10.16"]
[Round "3.7"]
[White "Meise, Ulrich"]
[Black "Jaehnicke, Karl- Heinz"]
[Result "1-0"]
[WhiteElo "1757"]
[BlackElo "1823"]
[PlyCount "179"]
[SourceDate "2022.10.02"]

1. e4 e5 2. Nc3 Nc6 3. Nf3 Nf6 4. d4 exd4 5. Nxd4 Bc5 6. Be3 Bb4 7. f3 d6 8.
Qd2 Bd7 9. a3 Ba5 10. b4 Bb6 11. Nxc6 bxc6 12. a4 Bxe3 13. Qxe3 Qe7 14. b5 O-O
15. Bd3 d5 16. Kf2 Rfe8 17. bxc6 Bxc6 18. Rhe1 Qe5 19. exd5 Qxh2 20. Qd4 Bd7
21. Bb5 Qd6 22. Rxe8+ Rxe8 23. Rd1 a6 24. Bxa6 Qxa6 25. Rd2 Qd6 26. Nb5 Bxb5
27. axb5 Qe7 28. Kg1 h5 29. c4 Qe1+ 30. Kh2 h4 31. Rd1 Qg3+ 32. Kh1 h3 33. Qd2
Re5 34. f4 Rh5 35. Kg1 Ng4 36. b6 cxb6 37. d6 h2+ 38. Kh1 Nf2+ 39. Qxf2 Qxf2
40. d7 Qxf4 41. d8=Q+ Kh7 42. Qxb6 Qxc4 43. Qf2 g6 44. Re1 Rf5 45. Qg3 Rf4 46.
Qh3+ Rh4 47. Qf3 Kg7 48. Qe3 Rh5 49. Rc1 Qg4 50. Qc3+ Kh7 51. Re1 Rg5 52. Qc2
Qg3 53. Rf1 f6 54. Qb2 Kh6 55. Qa2 Qd3 56. Ra1 Rf5 57. Qa8 Kg5 58. Ra3 Qd6 59.
Ra1 Qd5 60. Qa3 Qe5 61. Qc1+ Qf4 62. Qd1 Qg4 63. Qe1 Re5 64. Qf1 Qf4 65. Qd1
Qe3 66. Rb1 f5 67. Qd8+ Kg4 68. Qd1+ Qe2 69. Qd6 g5 70. Qd4+ Re4 71. Qh8 Qd3
72. Rc1 Re2 73. Qa8 Qe4 74. Rc4 Kg3 75. Rxe4 fxe4 76. Qb8+ Kf2 77. Kxh2 e3 78.
Qb1 Re1 79. Qe4 Ke2 80. Kg3 Rf1 81. Qc2+ Ke1 82. Kg4 Rf2 83. Qc1+ Ke2 84. Kxg5
Kd3 85. Qd1+ Ke4 86. g4 e2 87. Qd2 Kf3 88. Qd5+ Kg3 89. Qe4 Rh2 90. Qe3+ 1-0

[Event "Eving- Gerthe"]
[Site "?"]
[Date "2022.10.16"]
[Round "3.8"]
[White "Hoidis, Paul"]
[Black "Al Zoubi, Ahmad"]
[Result "0-1"]
[WhiteElo "1359"]
[BlackElo "1600"]
[PlyCount "66"]
[SourceDate "2022.10.02"]

1. d4 Nf6 2. c4 g6 3. Nf3 Bg7 4. Bf4 d6 5. e3 Nbd7 6. Nc3 c5 7. Be2 b6 8. Rc1
Bb7 9. d5 Nh5 10. Bg3 Nxg3 11. fxg3 O-O 12. e4 a6 13. Qb3 Qc7 14. O-O Rab8 15.
h4 Nf6 16. Bd3 Bc8 17. Rfe1 Ng4 18. Nd1 Bd7 19. Qc2 b5 20. b3 Qa5 21. Nf2 Ne5
22. Nxe5 Bxe5 23. Kh2 h5 24. Re2 Qd8 25. Qd2 Kg7 26. Qg5 f6 27. Qd2 e6 28. Bb1
f5 29. Nd3 Qxh4+ 30. Kg1 Bxg3 31. Nf2 Qh2+ 32. Kf1 fxe4 33. Ke1 Qg1# 0-1

[Event "Kupferdreh- Datteln"]
[Site "?"]
[Date "2022.10.16"]
[Round "3.1"]
[White "Buchholz, Peter"]
[Black "Schaefer, Johannes"]
[Result "1-0"]
[WhiteElo "2029"]
[BlackElo "1718"]
[PlyCount "53"]
[SourceDate "2022.10.02"]

1. e4 e5 2. Nf3 Nf6 3. Nc3 Bb4 4. d3 O-O 5. Bg5 h6 6. Bh4 Re8 7. Be2 c6 8. O-O
d6 9. a3 Ba5 10. b4 Bc7 11. Qd2 Nbd7 12. Rad1 g5 13. Nxg5 hxg5 14. Bxg5 Nf8 15.
f4 N8h7 16. fxe5 Rxe5 17. Bxf6 Nxf6 18. d4 Nxe4 19. Qf4 Qe7 20. dxe5 Nxc3 21.
Qg3+ Kf8 22. Qxc3 Qxe5 23. Qd2 d5 24. Qh6+ Ke7 25. Qh4+ Ke8 26. Bh5 Be6 27.
Rde1 1-0

[Event "Kupferdreh- Datteln"]
[Site "?"]
[Date "2022.10.16"]
[Round "3.2"]
[White "Krimphoff, Ingo"]
[Black "Becker, Peter"]
[Result "1-0"]
[WhiteElo "2047"]
[BlackElo "1810"]
[PlyCount "73"]
[SourceDate "2022.10.02"]

1. Nf3 g6 2. c4 Bg7 3. g3 Nf6 4. Bg2 O-O 5. Nc3 c6 6. O-O d6 7. d4 Nbd7 8. Qc2
Qc7 9. b3 a6 10. Bb2 e5 11. Rad1 Re8 12. e4 b6 13. dxe5 dxe5 14. Ba3 Bf8 15.
Bxf8 Nxf8 16. Qd2 Bb7 17. Qd6 Qxd6 18. Rxd6 Kg7 19. Rfd1 b5 20. Ne1 c5 21. f3
Ne6 22. Nd3 Rad8 23. Rxd8 Rxd8 24. Nxe5 Nd4 25. Kf2 Re8 26. Nd3 Ne6 27. Bh3 Ng5
28. Bg2 Ne6 29. h4 g5 30. hxg5 Nxg5 31. Nxc5 Bc6 32. cxb5 axb5 33. Ne2 Ra8 34.
Rd2 Rc8 35. b4 Be8 36. Nd4 Nd7 37. Nf5+ 1-0

[Event "Kupferdreh- Datteln"]
[Site "?"]
[Date "2022.10.16"]
[Round "3.3"]
[White "Boxberg, Olaf"]
[Black "Praemaßing, Reiner"]
[Result "1-0"]
[WhiteElo "1765"]
[BlackElo "1850"]
[PlyCount "77"]
[SourceDate "2022.10.02"]

1. Nf3 Nf6 2. g3 c5 3. d3 Nc6 4. e4 d6 5. Bg2 g6 6. O-O Bg7 7. c3 Qc7 8. Re1
O-O 9. a3 e5 10. b4 b6 11. b5 Na5 12. c4 Nb7 13. Nc3 h6 14. Bd2 Bg4 15. Qc1
Bxf3 16. Bxf3 Kh7 17. Bg2 Qd7 18. Ra2 Nh5 19. Nd5 Rab8 20. h3 f5 21. exf5 gxf5
22. Qd1 Qf7 23. a4 Nd8 24. a5 Ne6 25. axb6 axb6 26. Bf3 Nf6 27. Nxf6+ Qxf6 28.
Bd5 Nd4 29. Be3 f4 30. gxf4 exf4 31. Bxd4 Qg5+ 32. Kh2 Bxd4 33. Ra7+ Kh8 34.
Ree7 Qxe7 35. Rxe7 Bxf2 36. Qh5 Rf6 37. Re8+ Rxe8 38. Qxe8+ Kg7 39. Qg8# 1-0

[Event "Kupferdreh- Datteln"]
[Site "?"]
[Date "2022.10.16"]
[Round "3.4"]
[White "Unteregge, Michael"]
[Black "Neumann, Alfred"]
[Result "1/2-1/2"]
[WhiteElo "2052"]
[BlackElo "1655"]
[PlyCount "46"]
[SourceDate "2022.10.02"]

1. Nf3 Nf6 2. c4 g6 3. g3 Bg7 4. Bg2 d5 5. cxd5 Nxd5 6. d4 Nc6 7. O-O O-O 8.
Nc3 Bf5 9. Ne1 Nf6 10. e4 Bg4 11. f3 Bc8 12. Nc2 e5 13. d5 Ne7 14. Be3 Bd7 15.
Bc5 Ne8 16. Ne3 Nd6 17. a4 Re8 18. Qb3 Nec8 19. Nb5 Bf8 20. Rac1 Nxb5 21. axb5
Bxc5 22. Rxc5 Nd6 23. Rfc1 b6 1/2-1/2

[Event "Kupferdreh- Datteln"]
[Site "?"]
[Date "2022.10.16"]
[Round "3.5"]
[White "Bialas, Jan"]
[Black "Degner, Friedhelm"]
[Result "1-0"]
[WhiteElo "1739"]
[BlackElo "1924"]
[PlyCount "109"]
[SourceDate "2022.10.02"]

1. d4 Nf6 2. Bf4 e6 3. Nf3 b6 4. e3 Bb7 5. Nbd2 d5 6. Bd3 Bd6 7. Ne5 O-O 8. Qe2
a5 9. h4 Na6 10. c3 c5 11. g4 Ne4 12. g5 Qe8 13. Bb5 Qe7 14. Nxe4 Bxe5 15. Bxe5
dxe4 16. Qg4 Nc7 17. Be2 Nd5 18. Qg3 Rad8 19. O-O-O f6 20. gxf6 Nxf6 21. Bc7
Rd7 22. Bxb6 cxd4 23. Rxd4 Nd5 24. Bxa5 Ra8 25. Bb4 Nxb4 26. Rxb4 Rxa2 27. Rd1
Ra1+ 28. Kc2 Raxd1 29. Bxd1 Qd8 30. Rd4 Bd5 31. Bg4 Qf6 32. Qf4 Rb7 33. Qxf6
gxf6 34. c4 Rc7 35. b3 f5 36. Be2 Kf7 37. Kb2 Bc6 38. b4 Ke7 39. b5 e5 40. Rd1
Bd7 41. Kb3 f4 42. Kb4 f3 43. Bf1 Ra7 44. Kb3 Be6 45. Kb2 Rc7 46. b6 Rc6 47. c5
Bc8 48. Rc1 Bb7 49. Bb5 Rg6 50. c6 h5 51. Ka3 Bc8 52. b7 Bxb7 53. cxb7 Rb6 54.
Rc7+ Kd6 55. Rc6+ 1-0

[Event "Kupferdreh- Datteln"]
[Site "?"]
[Date "2022.10.16"]
[Round "3.6"]
[White "Zagrabski, Kevin"]
[Black "Heiduk, Christopher"]
[Result "1-0"]
[WhiteElo "1949"]
[BlackElo "1500"]
[PlyCount "47"]
[SourceDate "2022.10.02"]

1. d4 e6 2. Nf3 c5 3. c3 Nc6 4. e4 Nf6 5. d5 Ne7 6. d6 Nc6 7. e5 Ng4 8. Bf4 Qb6
9. Qd2 f6 10. exf6 Nxf6 11. Na3 a6 12. Nc4 Qa7 13. a4 b6 14. Bd3 Bb7 15. Ng5
Nd8 16. O-O Bc6 17. Qc2 Nf7 18. Bg6 hxg6 19. Qxg6 O-O-O 20. Nxf7 Be4 21. Qg3
Rg8 22. Nxd8 Kxd8 23. Be5 Nd5 24. Qh4+ 1-0

[Event "Kupferdreh- Datteln"]
[Site "?"]
[Date "2022.10.16"]
[Round "3.7"]
[White "Aust, Karlheinz"]
[Black "Leonov, Artem"]
[Result "1/2-1/2"]
[WhiteElo "1560"]
[BlackElo "1622"]
[PlyCount "92"]
[SourceDate "2022.10.02"]

1. d4 g6 2. Nf3 Bg7 3. e3 d6 4. c4 c5 5. Nc3 b6 6. Be2 Nf6 7. O-O Bb7 8. d5 O-O
9. e4 Nfd7 10. Qc2 e5 11. Nb5 Nf6 12. Bg5 a6 13. Nc3 Nbd7 14. Qd2 Qc7 15. a4
Nh5 16. g4 Nhf6 17. Ne1 Ne8 18. Be7 Bc8 19. Bxf8 Nxf8 20. h3 f5 21. gxf5 gxf5
22. Kh2 f4 23. Rg1 Nf6 24. Bg4 Nxg4+ 25. hxg4 Qe7 26. Nf3 Ng6 27. Qe2 Nh4 28.
Kh3 Nxf3 29. Qxf3 h5 30. Kg2 Bxg4 31. Qd3 f3+ 32. Kf1 Qh4 33. Ke1 Qh2 34. Qf1
Bh6 35. Nd1 Rf8 36. Ra3 Rf4 37. Re3 Qh4 38. Rg3 Kf7 39. Qd3 Qg5 40. Qb3 h4 41.
Rg1 Rxe4 42. Qxb6 Qf5 43. Qc7+ Ke8 44. Qxd6 Rxe3+ 45. Nxe3 Qb1+ 46. Nd1 Qe4+
1/2-1/2

[Event "Kupferdreh- Datteln"]
[Site "?"]
[Date "2022.10.16"]
[Round "3.8"]
[White "Bendel, Ruediger"]
[Black "Buening, Bernd"]
[Result "1-0"]
[WhiteElo "1962"]
[BlackElo "1351"]
[PlyCount "93"]
[SourceDate "2022.10.02"]

1. e4 d5 2. exd5 Qxd5 3. Nc3 Qd8 4. Bc4 e6 5. a3 Be7 6. d3 Nf6 7. f4 O-O 8. Qf3
Nc6 9. Nge2 a6 10. Be3 Qe8 11. b4 b5 12. Bb3 Rb8 13. Nd4 Nxd4 14. Bxd4 Qd7 15.
Be5 Kh8 16. O-O Rg8 17. Rad1 Ne8 18. Ne4 f6 19. Bb2 Bb7 20. f5 Bd5 21. c4 exf5
22. cxd5 fxe4 23. dxe4 Bd6 24. Rc1 Rd8 25. Rc6 Qc8 26. Bc2 Be5 27. Bxe5 fxe5
28. Qf5 Qxf5 29. Rxf5 Rd6 30. Rxe5 Rxc6 31. dxc6 Nd6 32. Bb3 Ra8 33. Re7 g6 34.
e5 Nc4 35. e6 Rc8 36. Rd7 Kg8 37. e7 Re8 38. Rxc7 Kf7 39. Rd7 Ke6 40. a4 Rxe7
41. axb5 axb5 42. Rb7 Kd6 43. Rxe7 Kxe7 44. Bxc4 bxc4 45. Kf2 Kd6 46. b5 h5 47.
Ke3 1-0

[Event "FS Dortmund 1 - SG Werl-Wickede 1"]
[Site "Verbandsklasse, Gr. 3 2022/20"]
[Date "2022.10.16"]
[Round "3.1"]
[White "Schwarzkopf, Christian"]
[Black "Schulz, Oliver"]
[Result "1/2-1/2"]
[WhiteElo "2059"]
[BlackElo "1949"]
[Annotator "Verbandsklasse 22/23"]
[PlyCount "63"]
[EventDate "2022.??.??"]
[SourceDate "2022.10.02"]
[WhiteTeam "SG Werl-Wickede 1"]
[BlackTeam "FS Dortmund 1"]

1. c4 e5 2. Nc3 Bb4 3. g3 Nf6 4. Bg2 O-O 5. Qb3 Bxc3 6. Qxc3 Re8 7. e4 d6 8. d3
h6 9. Ne2 Bg4 10. f3 Be6 11. Be3 c6 12. d4 Qc8 13. h3 a5 14. c5 exd4 15. Bxd4
dxc5 16. Bxf6 gxf6 17. Qxc5 Na6 18. Qc3 Rd8 19. Nf4 Qd7 20. O-O Qd4+ 21. Rf2
Qxc3 22. bxc3 Rd7 23. Bf1 Nc5 24. Nh5 Rdd8 25. Nxf6+ Kg7 26. Nh5+ Kf8 27. Nf4
Rd7 28. Rc1 Rad8 29. h4 Rd1 30. Rxd1 Rxd1 31. Nxe6+ Nxe6 32. Kg2 1/2-1/2

[Event "FS Dortmund 1 - SG Werl-Wickede 1"]
[Site "Verbandsklasse, Gr. 3 2022/20"]
[Date "2022.10.16"]
[Round "3.2"]
[White "Alghawi, Abdullah"]
[Black "Stolle, Dietmar"]
[Result "1-0"]
[WhiteElo "1903"]
[BlackElo "2021"]
[Annotator "Verbandsklasse 22/23"]
[PlyCount "129"]
[EventDate "2022.??.??"]
[SourceDate "2022.10.02"]
[WhiteTeam "FS Dortmund 1"]
[BlackTeam "SG Werl-Wickede 1"]

1. d4 d5 2. c4 c6 3. e3 Nf6 4. b3 Bf5 5. Bd3 Bxd3 6. Qxd3 e6 7. Nf3 Bb4+ 8.
Nbd2 O-O 9. O-O Nbd7 10. Bb2 Re8 11. h3 Qe7 12. Rfd1 Rad8 13. e4 Bxd2 14. Nxd2
dxe4 15. Nxe4 Nxe4 16. Qxe4 Nf6 17. Qh4 Rd7 18. Rd3 Red8 19. Rg3 Ne8 20. Qh5 g6
21. Re1 Ng7 22. Qe5 f6 23. Qe4 Nf5 24. Rd3 e5 25. d5 cxd5 26. cxd5 Qc5 27. Red1
Qc2 28. R1d2 Qc5 29. Qc4 Qa5 30. d6+ Kg7 31. Qe6 Qa6 32. f4 Rxd6 33. Rxd6 Rxd6
34. Rxd6 Qxd6 35. Qxd6 Nxd6 36. fxe5 Ne8 37. Kf2 fxe5 38. Bxe5+ Kf7 39. Ke3 Ke6
40. Bb8 a6 41. Kf4 h6 42. Ke4 Nf6+ 43. Kd4 g5 44. Be5 Nd7 45. Bg7 h5 46. g4 h4
47. Bh6 Kf6 48. Kd5 Kg6 49. Kd6 Nf6 50. Bf8 Ne4+ 51. Kc7 Nf2 52. Kxb7 Nxh3 53.
Bc5 Nf4 54. Bg1 Ne2 55. Bh2 Nc1 56. Kxa6 Nxa2 57. Ka5 Kf6 58. b4 Ke6 59. b5 Kd5
60. b6 Kc6 61. Ka6 Nb4+ 62. Ka7 Kd7 63. b7 h3 64. Kb6 Nc6 65. Bg3 1-0

[Event "FS Dortmund 1 - SG Werl-Wickede 1"]
[Site "Verbandsklasse, Gr. 3 2022/20"]
[Date "2022.10.16"]
[Round "3.4"]
[White "Grube, Jörg"]
[Black "Hügel, Guido"]
[Result "0-1"]
[WhiteElo "1797"]
[BlackElo "1761"]
[Annotator "Verbandsklasse 22/23"]
[PlyCount "20"]
[EventDate "2022.??.??"]
[SourceDate "2022.10.02"]
[WhiteTeam "FS Dortmund 1"]
[BlackTeam "SG Werl-Wickede 1"]

1. e4 d5 2. exd5 Qxd5 3. Nc3 Qa5 4. d4 c6 5. Bc4 Nf6 6. Nge2 Bf5 7. O-O e6 8.
Ng3 Bd6 9. d5 Bxg3 10. fxg3 Qc5+ 0-1

[Event "FS Dortmund 1 - SG Werl-Wickede 1"]
[Site "Verbandsklasse, Gr. 3 2022/20"]
[Date "2022.10.16"]
[Round "3.5"]
[White "Scheibe, Andreas"]
[Black "Schläger, Reiner"]
[Result "1-0"]
[WhiteElo "1790"]
[BlackElo "1593"]
[Annotator "Verbandsklasse 22/23"]
[PlyCount "63"]
[EventDate "2022.??.??"]
[SourceDate "2022.10.02"]
[WhiteTeam "SG Werl-Wickede 1"]
[BlackTeam "FS Dortmund 1"]

1. e4 e5 2. Nf3 Nc6 3. Bb5 Bc5 4. c3 Nf6 5. O-O O-O 6. d4 exd4 7. cxd4 Bb6 8.
Nc3 d6 9. h3 Ne7 10. Bg5 Nd7 11. e5 f6 12. exd6 fxg5 13. dxe7 Qxe7 14. Re1 Qd6
15. Bc4+ Kh8 16. Ne4 Qf4 17. Nexg5 Nf6 18. Nf7+ Rxf7 19. Bxf7 Bd7 20. Re5 Rf8
21. Be6 Bxe6 22. Rxe6 Rd8 23. Qe2 Bxd4 24. Nxd4 Qxd4 25. Re1 h6 26. Qe5 Qh4 27.
Qxc7 Rd2 28. R6e2 Rd5 29. Qc8+ Kh7 30. Qc2+ Kg8 31. Qg6 Rd8 32. Re7 1-0

[Event "FS Dortmund 1 - SG Werl-Wickede 1"]
[Site "Verbandsklasse, Gr. 3 2022/20"]
[Date "2022.10.16"]
[Round "3.6"]
[White "Erkelenz, Ralf"]
[Black "Krahn, Reinhard"]
[Result "1-0"]
[WhiteElo "1954"]
[BlackElo "1767"]
[Annotator "Verbandsklasse 22/23"]
[PlyCount "119"]
[EventDate "2022.??.??"]
[SourceDate "2022.10.02"]
[WhiteTeam "FS Dortmund 1"]
[BlackTeam "SG Werl-Wickede 1"]

1. e4 e6 2. d4 d5 3. Nd2 dxe4 4. Nxe4 Nf6 5. Nxf6+ Qxf6 6. Nf3 h6 7. Bd3 Nc6 8.
c3 Bd6 9. Bc2 Bd7 10. a4 e5 11. d5 Ne7 12. h3 c6 13. dxc6 Bxc6 14. Qe2 O-O 15.
O-O Bxf3 16. Qxf3 Qxf3 17. gxf3 Rac8 18. Be4 Rc7 19. Rd1 Rd8 20. a5 f5 21. Bc2
f4 22. Be4 Kf7 23. Kf1 g5 24. Ke2 Ke6 25. Rd3 Nc6 26. b4 a6 27. Bb2 Be7 28.
Rad1 Rd6 29. Rxd6+ Bxd6 30. Rd3 Be7 31. Kd1 Bd6 32. Rd2 Ne7 33. Rc2 Nd5 34. Kc1
Nf6 35. Bd3 Rd7 36. Rd2 h5 37. Kc2 g4 38. fxg4 hxg4 39. hxg4 Nxg4 40. f3 Nf6
41. Rg2 Rc7 42. Kb3 Rd7 43. Rg5 Rd8 44. Bc4+ Kd7 45. Rg7+ Kc8 46. Rf7 Ne8 47.
Bd5 Nc7 48. Be4 Rf8 49. Rh7 Kb8 50. c4 Re8 51. c5 Bf8 52. Kc4 Kc8 53. Bf5+ Kb8
54. Bd7 Re7 55. Rxe7 Bxe7 56. Bxe5 Bg5 57. Kd4 Bh6 58. Ke4 Bg5 59. Kf5 Bh6 60.
Kf6 1-0

[Event "FS Dortmund 1 - SG Werl-Wickede 1"]
[Site "Verbandsklasse, Gr. 3 2022/20"]
[Date "2022.10.16"]
[Round "3.7"]
[White "Hering, Christian"]
[Black "Rauschenbusch, Udo"]
[Result "1/2-1/2"]
[WhiteElo "1601"]
[BlackElo "1635"]
[Annotator "Verbandsklasse 22/23"]
[PlyCount "64"]
[EventDate "2022.??.??"]
[SourceDate "2022.10.02"]
[WhiteTeam "SG Werl-Wickede 1"]
[BlackTeam "FS Dortmund 1"]

1. d4 Nf6 2. Nf3 d5 3. c4 c6 4. e3 Bf5 5. Bd3 Bxd3 6. Qxd3 g6 7. O-O Bg7 8. Nc3
O-O 9. b3 Nbd7 10. Ba3 Re8 11. Rac1 Qa5 12. Bb2 Rac8 13. Rc2 e6 14. cxd5 exd5
15. Rfc1 Ne4 16. Nd2 Ndf6 17. Ndxe4 dxe4 18. Qc4 Rcd8 19. b4 Qf5 20. b5 Qe6 21.
Qxe6 Rxe6 22. bxc6 Rxc6 23. Nb5 Ra6 24. a3 Nd5 25. Nc7 Rad6 26. Nxd5 Rxd5 27.
Rc7 Rb5 28. R1c2 Be5 29. R7c4 Rbd5 30. Kf1 Bd6 31. h3 Kf8 32. a4 Ke7 1/2-1/2

[Event "FS Dortmund 1 - SG Werl-Wickede 1"]
[Site "Verbandsklasse, Gr. 3 2022/20"]
[Date "2022.10.16"]
[Round "3.8"]
[White "Sonntag, Hans-Joachim"]
[Black "Siebert, Michael"]
[Result "1-0"]
[WhiteElo "1700"]
[BlackElo "1435"]
[Annotator "Verbandsklasse 22/23"]
[PlyCount "43"]
[EventDate "2022.??.??"]
[SourceDate "2022.10.02"]
[WhiteTeam "FS Dortmund 1"]
[BlackTeam "SG Werl-Wickede 1"]

1. e4 c5 2. Nf3 d6 3. d4 cxd4 4. Nxd4 Nf6 5. Nc3 g6 6. Be3 Bg7 7. Be2 O-O 8.
O-O Nc6 9. Qd2 Ng4 10. Bxg4 Bxg4 11. Nxc6 bxc6 12. Bh6 Qb6 13. Bxg7 Kxg7 14.
Rab1 Rfd8 15. Qg5 Be6 16. Qxe7 Qc5 17. Rfd1 g5 18. Nd5 cxd5 19. Qxg5+ Kf8 20.
exd5 Ke8 21. Re1 Qxd5 22. Qxd5 1-0

[Event "Sterkrade 2- Werden 2"]
[Site "?"]
[Date "2022.10.16"]
[Round "3.1"]
[White "Gockel, Mirco"]
[Black "Schelwokat, Peter"]
[Result "1/2-1/2"]
[WhiteElo "1916"]
[BlackElo "1919"]
[Annotator "daniel"]
[PlyCount "32"]
[SourceDate "2022.10.02"]

1. c4 c5 2. g3 Nc6 3. Bg2 g6 4. Nc3 Bg7 5. a3 e6 6. Rb1 a5 7. e3 Nge7 8. Nge2
O-O 9. O-O d6 10. d4 Rb8 11. d5 exd5 12. cxd5 Ne5 $11 13. f4 Nc4 14. b3 Nb6 15.
h3 Nf5 16. e4 Nxg3 1/2-1/2

[Event "Sterkrade 2- Werden 2"]
[Site "?"]
[Date "2022.10.16"]
[Round "3.2"]
[White "Kantor, Nikita"]
[Black "Bury, Tobias"]
[Result "0-1"]
[WhiteElo "1842"]
[BlackElo "1823"]
[PlyCount "72"]
[SourceDate "2022.10.02"]

1. e4 c6 2. d4 d5 3. e5 c5 4. dxc5 e6 5. a3 Nd7 6. Nf3 Bxc5 7. b4 Be7 8. c4
dxc4 9. Bxc4 Qc7 10. Bb5 a6 11. Bxd7+ Bxd7 12. O-O Rd8 13. Re1 a5 14. bxa5 Qxa5
15. Bd2 Qa6 16. Qc1 Bc6 17. Be3 Bxf3 18. gxf3 Qc6 19. Qxc6+ bxc6 20. Nd2 Nh6
21. Ne4 Nf5 22. a4 Nh4 23. f4 Nf3+ 24. Kf1 Nxe1 25. Kxe1 f5 26. Nc5 Bxc5 27.
Bxc5 Rd5 28. Bd6 Kd7 29. a5 Ra8 30. a6 c5 31. a7 Rxd6 32. exd6 Kxd6 33. Kd2 Kc6
34. Kc3 Kb5 35. Rb1+ Kc6 36. Kc4 Rxa7 0-1

[Event "Sterkrade 2- Werden 2"]
[Site "?"]
[Date "2022.10.16"]
[Round "3.3"]
[White "Blank, Stephan"]
[Black "Labuda, Markus"]
[Result "1/2-1/2"]
[WhiteElo "1793"]
[BlackElo "2105"]
[PlyCount "49"]
[SourceDate "2022.10.02"]

1. e4 e6 2. d4 d5 3. e5 c5 4. c3 Nc6 5. Nf3 Qb6 6. a3 Bd7 7. Be2 f6 8. O-O c4
9. Nbd2 fxe5 10. Nxe5 Nxe5 11. dxe5 Nh6 12. Nf3 Nf7 13. Qc2 Bc5 14. Rb1 O-O 15.
b4 cxb3 16. Qxb3 Bc6 17. Qxb6 axb6 18. Nd4 Bd7 19. Bb5 Bxb5 20. Rxb5 Rfe8 21.
Re1 Ra4 22. Nb3 Rc4 23. Nxc5 bxc5 24. Rb3 Re7 25. f4 1/2-1/2

[Event "Sterkrade 2- Werden 2"]
[Site "?"]
[Date "2022.10.16"]
[Round "3.4"]
[White "Altenburg, Frank"]
[Black "Brixius, Dirk"]
[Result "1-0"]
[WhiteElo "1843"]
[BlackElo "1787"]
[PlyCount "61"]
[SourceDate "2022.10.02"]

1. d4 d5 2. Nf3 Nf6 3. g3 c6 4. Bg2 Bf5 5. c4 dxc4 6. Ne5 Nbd7 7. Nxc4 e6 8.
Nc3 Nb6 9. Ne5 Rc8 10. e4 Bg6 11. Bg5 Be7 12. O-O O-O 13. Re1 Ne8 14. Be3 Nd6
15. h4 Nbc4 16. h5 Nxe3 17. Rxe3 Bxe4 18. Nxe4 Nf5 19. Rd3 f6 20. Nc4 b5 21.
Ne3 Qb6 22. Nxf5 exf5 23. Nc3 Rcd8 24. Qb3+ Rf7 25. Re1 Bf8 26. Re6 Rxd4 27.
Rxd4 Qxd4 28. Rxc6 Qd2 29. Rc7 Qe1+ 30. Kh2 Qxf2 31. Qxf7+ 1-0

[Event "Sterkrade 2- Werden 2"]
[Site "?"]
[Date "2022.10.16"]
[Round "3.5"]
[White "Biermann, Klaus"]
[Black "Matthies, Jochen"]
[Result "1-0"]
[WhiteElo "1785"]
[BlackElo "1970"]
[Annotator "daniel"]
[PlyCount "147"]
[SourceDate "2022.10.02"]

1. c4 e5 2. Nc3 d6 3. e4 Nf6 4. g3 c6 5. Bg2 g6 6. Nge2 Bg7 7. O-O Be6 8. d3
O-O 9. h3 Qc7 10. f4 exf4 11. Nxf4 Nbd7 12. Be3 Rad8 13. Qd2 Qa5 14. Rf2 Nh5
15. Nxh5 Qxh5 16. g4 Qa5 17. Raf1 Ne5 18. Bg5 Rde8 19. Bf6 Qb6 20. Bxg7 Kxg7
21. b3 Qd4 22. Rd1 Bxg4 23. hxg4 Nxg4 24. Rdf1 Nxf2 25. Rxf2 Re6 26. Ne2 Qb6
27. d4 h5 28. Qf4 Qd8 29. Qg3 h4 30. Qg4 Kh7 $11 31. Nf4 Ree8 32. Nh3 f6 33.
Qxh4+ Kg7 34. Qg3 Rh8 35. Nf4 Rh6 36. Bh3 Kf7 37. d5 Rxe4 38. Ne6 Re1+ 39. Kg2
Qe7 40. Ng5+ Kg7 41. Be6 Re5 42. Nf3 Re3 43. Qf4 Rxe6 44. dxe6 Qxe6 45. Ng5 Qe5
46. Qxe5 dxe5 47. Ne6+ Kf7 48. Nd8+ Ke7 49. Nxb7 f5 50. Na5 Kd6 51. Rd2+ Kc7
52. c5 g5 53. Nc4 e4 54. Rd6 Rh4 55. Ne5 f4 56. Rxc6+ Kb7 57. Rg6 f3+ 58. Kg3
Rf4 59. Kf2 e3+ 60. Kf1 f2 61. c6+ Ka6 62. c7+ Kb7 63. c8=Q+ Kxc8 64. Rc6+ Kb7
65. Rc2 Rd4 66. Rc1 g4 67. Nc4 g3 68. Nxe3 Kb6 69. Kg2 Rd3 70. Nf1 Kb5 71. Rc4
a5 72. Rg4 Rc3 73. Nxg3 Rc2 74. Ra4 1-0

[Event "Sterkrade 2- Werden 2"]
[Site "?"]
[Date "2022.10.16"]
[Round "3.6"]
[White "Drescher, Roland"]
[Black "Rother, Josef"]
[Result "1/2-1/2"]
[WhiteElo "1963"]
[BlackElo "1915"]
[PlyCount "50"]
[SourceDate "2022.10.02"]

1. d4 d5 2. c4 c6 3. cxd5 cxd5 4. Bf4 Nf6 5. Nc3 e6 6. e3 Bb4 7. Bxb8 Bxc3+ 8.
bxc3 Rxb8 9. Qa4+ Bd7 10. Qxa7 Ne4 11. Qa3 Ra8 12. Qb2 Qa5 13. Ne2 Bb5 14. f3
Bxe2 15. fxe4 Bxf1 16. Rxf1 dxe4 17. Kf2 O-O 18. Qxb7 Rab8 19. Qxe4 Qxc3 20.
Kg1 Rb2 21. Qf3 Qa3 22. Rf2 Rxf2 23. Qxf2 Rb8 24. Rf1 f6 25. Qf4 Rb2 1/2-1/2

[Event "Sterkrade 2- Werden 2"]
[Site "?"]
[Date "2022.10.16"]
[Round "3.7"]
[White "Lorenz, Dietmar"]
[Black "Broß, Horst"]
[Result "1/2-1/2"]
[WhiteElo "1969"]
[BlackElo "1801"]
[PlyCount "135"]
[SourceDate "2022.10.02"]

1. Nf3 Nf6 2. c4 c5 3. Nc3 Nc6 4. d4 cxd4 5. Nxd4 d6 6. g3 g6 7. Bg2 Bd7 8. O-O
Bg7 9. b3 O-O 10. Bb2 Nxd4 11. Qxd4 Bc6 12. Nd5 Nh5 13. Qd2 Bxb2 14. Qxb2 e6
15. Nc3 Bxg2 16. Kxg2 Qf6 17. Qd2 Rfd8 18. e4 a6 19. Rad1 Ng7 20. Qe3 Ne8 21.
Rd2 Rd7 22. Rfd1 Rad8 23. Na4 Qe7 24. Nb6 Rc7 25. e5 Rc6 26. h4 Qc7 27. Na4 Rc8
28. c5 d5 29. b4 Qe7 30. h5 Ng7 31. g4 gxh5 32. gxh5 Nf5 33. Qf4 Kh8 34. Rg1
Rg8+ 35. Kf1 Rcc8 36. Rd1 Rxg1+ 37. Kxg1 Rg8+ 38. Kf1 Rg5 39. Nb6 Ng3+ 40. Ke1
Nxh5 41. Qe3 Rf5 42. Nc8 Qh4 43. Rd4 Qh2 44. Nd6 Nf4 45. Kd2 Ng2 46. Qg3 Qxg3
47. fxg3 Rf2+ 48. Kc3 Rxa2 49. Nxb7 Ra3+ 50. Kb2 Rxg3 51. c6 h5 52. c7 Rg8 53.
Nd6 h4 54. c8=Q Rxc8 55. Nxc8 h3 56. Rd3 Nf4 57. Rf3 h2 58. Rf1 Nd3+ 59. Kc3
Nf2 60. Nd6 Kg8 61. Nb7 h1=Q 62. Rxh1 Nxh1 63. Nc5 Nf2 64. Nxa6 f6 65. Kd4
fxe5+ 66. Kxe5 Nd3+ 67. Kxe6 Nxb4 68. Nxb4 1/2-1/2

[Event "Sterkrade 2- Werden 2"]
[Site "?"]
[Date "2022.10.16"]
[Round "3.8"]
[White "Spoden, Kurt"]
[Black "Barthelmes, Stefan"]
[Result "1-0"]
[WhiteElo "1890"]
[BlackElo "1672"]
[PlyCount "137"]
[SourceDate "2022.10.02"]

1. c4 Nf6 2. Nf3 g6 3. g3 Bg7 4. Bg2 O-O 5. Nc3 d5 6. cxd5 Nxd5 7. Qb3 c6 8.
O-O e5 9. d3 Na6 10. Bg5 Qd7 11. Rad1 Nc5 12. Qc4 Ne6 13. Bc1 b5 14. Qb3 Bb7
15. a3 Rfd8 16. e3 a5 17. d4 a4 18. Qc2 exd4 19. exd4 Qd6 20. Ne4 Qc7 21. Neg5
Nxg5 22. Bxg5 Rd7 23. Rfe1 h6 24. Bc1 Re7 25. Ne5 Rae8 26. f4 Qb6 27. Qf2 f6
28. Nf3 Rxe1+ 29. Rxe1 Rxe1+ 30. Qxe1 Kf7 31. Bh3 f5 32. Ne5+ Bxe5 33. Qxe5 Qd8
34. Bd2 Qf6 35. Bb4 Qxe5 36. dxe5 h5 37. Bc5 Ke6 38. Kf2 Bc8 39. Bf1 Bd7 40.
Bd6 Be8 41. h3 h4 42. Bc5 hxg3+ 43. Kxg3 Bf7 44. h4 Be8 45. Bd3 Bf7 46. Kf3 Be8
47. Bb1 Bf7 48. Ba2 Kd7 49. Kg3 Be6 50. Bb1 Ke8 51. Bd3 Kf7 52. Be2 Kg7 53. h5
Bf7 54. Bd4 Be6 55. Bf3 Kh6 56. hxg6 Kxg6 57. Bc3 Kh6 58. Kh4 Bf7 59. Bd2 Be8
60. Bb4 Nxb4 61. axb4 Bd7 62. Kg3 Kg7 63. Kf2 Kf7 64. Ke3 Ke7 65. Kd4 Kd8 66.
Kc5 Kc7 67. Bh5 Be6 68. Bg6 Bc8 69. Bf7 1-0

[Event "Dorsten- Hamm"]
[Site "?"]
[Date "2022.11.06"]
[Round "4.1"]
[White "Frombach, Ralf"]
[Black "Tig, Achmet"]
[Result "1-0"]
[WhiteElo "2199"]
[BlackElo "1979"]
[PlyCount "43"]
[SourceDate "2022.10.02"]

1. d4 d5 2. c4 c6 3. Nc3 Nf6 4. e3 e6 5. Nf3 Nbd7 6. Bd3 Be7 7. O-O O-O 8. b3
a6 9. Bb2 Re8 10. Re1 b5 11. c5 Bf8 12. Ne2 e5 13. dxe5 Ng4 14. Qc2 g6 15. e6
Rxe6 16. Ned4 Rf6 17. b4 Qc7 18. Qc3 Nde5 19. Nxe5 Qxe5 20. f4 Qc7 21. h3 Nh6
22. Nxb5 1-0